Estatísticas para Cultura Geral

Clique aqui para jogar o quiz

Estatísticas Gerais

  • Esse quiz foi jogado 15 vezes
  • A pontuação média é 6 de 15

Estatísticas das Respostas

HintResposta% Correto
Qual é o quarto mês do ano pelo calendário gregoriano?Abril
82%
Que país que começa com a letra A faz fronteira com os Países Baixos?Alemanha
82%
Como se diz amigo em inglês?Friend
82%
Que país que começa com a letra G faz fronteira com o México?Guatemala
82%
Em que país podemos encontrar a cidade de Guadalajara?México
73%
Em que país podemos encontrar a cidade de Roterdão?Países Baixos
64%
O que é uma Kriek?Cerveja
45%
Que nome damos ao período da história entre 476 d.c a 1453?Idade Média
27%
Em que estado dos EUA podemos encontrar a cidade de Cleveland?Ohio
27%
A que filme pertence a música "A Whole New World"?Aladdin
18%
O Kramiek é típico de que país?Bélgica
9%
Que livro contém os maiores recordes mundiais?Guinness World Records
0%
O que é um Mastel?Pão
0%
Que bebida alcoólica obtida a partir da fermentação alcoólica?Rum
0%
Qual é o apelido da cantora Nicole?Scherzinger
0%

Distribuição das Pontuações

Percentil de Números Respondidos

Porcentagem de Pessoas com Cada Pontuação

Sua Pontuação Histórica

Você não jogou esse quiz